[Event "RUS-chT Blitz"]
[Site "Sochi"]
[Date "2024.10.17"]
[Round "2.3"]
[White "Paravyan, David"]
[Black "Shukh, Nikolai"]
[Result "1-0"]
[WhiteElo "2620"]
[BlackElo "2462"]
[PlyCount "67"]
[EventDate "2024.10.17"]
[EventType "team-swiss (blitz)"]
[EventRounds "11"]
[EventCountry "RUS"]
[SourceTitle "CB43_2024"]
[Source "Chessbase"]
[SourceDate "2024.10.23"]
[SourceVersion "1"]
[SourceVersionDate "2024.10.23"]
[SourceQuality "1"]
[WhiteTeam "Moscow Park Tauer"]
[BlackTeam "Saratov Federatsiya"]
[WhiteTeamCountry "RUS"]
[BlackTeamCountry "RUS"]

1. e4 d6 2. d4 Nf6 3. Bd3 e5 4. Nf3 exd4 5. Nxd4 Be7 6. 0-0 0-0 7. Re1 Nbd7 8. c4 Re8 9. Nc3 a6 10. b3 Bf8 11. Bc2 h6 12. Bf4 Ne5 13. h3 Bd7 14. Bh2 Rb8 15. f4 Nc6 16. Nf3 b5 17. e5 Nh7 18. cxb5 axb5 19. Be4 dxe5 20. fxe5 Ne7 21. Qc2 g6 22. Rad1 Qc8 23. Nd4 c5 24. e6 Bxe6 25. Nxe6 Qxe6 26. Bxb8 Rxb8 27. Bd5 Qf5 28. Qxf5 Nxf5 29. Ne4 Kg7 30. a4 bxa4 31. bxa4 Nd4 32. a5 Rb5 33. a6 Ra5 34. Ra1 1-0

[Event "Titled Tuesday intern op 19th May"]
[Site "Chess.com INT"]
[Date "2020.05.19"]
[Round "4"]
[White "Matlakov, Maxim"]
[Black "Shukh, Nikolai"]
[Result "1-0"]
[WhiteElo "2685"]
[BlackElo "2467"]
[PlyCount "93"]
[EventDate "2020.05.19"]
[EventType "swiss (blitz)"]
[EventRounds "10"]
[EventCountry "USA"]
[SourceTitle "EXT 2021"]
[Source "ChessBase"]
[SourceDate "2020.10.23"]
[SourceVersion "1"]
[SourceVersionDate "2020.10.23"]
[SourceQuality "1"]

1. Nf3 Nf6 2. g3 g6 3. b3 Bg7 4. Bb2 0-0 5. Bg2 d6 6. d4 c6 7. 0-0 Nbd7 8. c4 Re8 9. Nc3 e5 10. e4 exd4 11. Nxd4 Nc5 12. Re1 a5 13. f3 h5 14. h3 h4 15. g4 a4 16. Rb1 axb3 17. axb3 Nfd7 18. b4 Ne6 19. Nxe6 Rxe6 20. Ne2 Bxb2 21. Rxb2 Qf6 22. Rd2 Ne5 23. c5 Nc4 24. Rd4 Ne3 25. Qd2 Nxg2 26. Kxg2 dxc5 27. bxc5 Re8 28. Rd6 Be6 29. f4 Qe7 30. Nc3 Bc4 31. e5 Ra3 32. Qd4 Bb3 33. Kg1 Rea8 34. Ne4 Be6 35. f5 Bd5 36. Nf6+ Kf8 37. Nxd5 cxd5 38. e6 Kg8 39. f6 Rg3+ 40. Kf1 Qc7 41. e7 Re8 42. Qxd5 Qa5 43. Rd8 Qb5+ 44. Re2 Qb1+ 45. Re1 Qb5+ 46. Kf2 Qb2+ 47. Re2 1-0

[Event "Titled Tuesday intern op 19th May"]
[Site "Chess.com INT"]
[Date "2020.05.19"]
[Round "1"]
[White "Shukh, Nikolai"]
[Black "Ivanova, Karina"]
[Result "1-0"]
[WhiteElo "2467"]
[BlackElo "2085"]
[PlyCount "79"]
[EventDate "2020.05.19"]
[EventType "swiss (blitz)"]
[EventRounds "10"]
[EventCountry "USA"]
[SourceTitle "EXT 2021"]
[Source "ChessBase"]
[SourceDate "2020.10.23"]
[SourceVersion "1"]
[SourceVersionDate "2020.10.23"]
[SourceQuality "1"]

1. e4 c6 2. d4 d5 3. Nd2 dxe4 4. Nxe4 Bf5 5. Ng3 Bg6 6. N1e2 e6 7. Nf4 Bd6 8. c3 Qc7 9. Qf3 Ne7 10. h4 h6 11. Nxg6 Nxg6 12. h5 Ne7 13. Bd2 Nd7 14. 0-0-0 0-0-0 15. Qxf7 e5 16. Ne4 exd4 17. Qe6 Bf4 18. Qxe7 Rhe8 19. Qxg7 Rxe4 20. Bd3 Bxd2+ 21. Rxd2 Re6 22. Bf5 dxc3 23. Qxc3 Rd6 24. Rhd1 Rxd2 25. Qxd2 b6 26. g4 c5 27. f4 Qc6 28. Bxd7+ Rxd7 29. Qxd7+ Qxd7 30. Rxd7 Kxd7 31. g5 Ke6 32. gxh6 Kf6 33. f5 b5 34. Kc2 a5 35. Kc3 a4 36. a3 Kf7 37. Kd3 Kf6 38. Ke4 b4 39. Kd3 Kf7 40. Kc4 1-0

[Event "Titled Tuesday intern op 12th May"]
[Site "Chess.com INT"]
[Date "2020.05.12"]
[Round "7"]
[White "Matinian, Nikita"]
[Black "Shukh, Nikolai"]
[Result "1/2-1/2"]
[WhiteElo "2475"]
[BlackElo "2467"]
[PlyCount "197"]
[EventDate "2020.05.12"]
[EventType "swiss (blitz)"]
[EventRounds "10"]
[EventCountry "USA"]
[SourceTitle "CBM 196 Extra"]
[Source "ChessBase"]
[SourceDate "2020.07.31"]
[SourceVersion "1"]
[SourceVersionDate "2020.07.31"]
[SourceQuality "1"]

1. e4 e5 2. Bc4 Nc6 3. Nc3 Nf6 4. d3 Bb4 5. Bd2 Bxc3 6. bxc3 d5 7. exd5 Nxd5 8. Nf3 0-0 9. 0-0 Bg4 10. h3 Bh5 11. Re1 Re8 12. g4 Bg6 13. Qb1 Nb6 14. Bb5 e4 15. Nd4 Nxd4 16. cxd4 c6 17. Bc4 exd3 18. Rxe8+ Qxe8 19. Bxd3 Bxd3 20. cxd3 Qe2 21. Be3 Qf3 22. Qf1 Nd5 23. Re1 Re8 24. Qg2 Qf6 25. Qg3 h6 26. h4 Qg6 27. Bd2 Rxe1+ 28. Bxe1 Qe6 29. Kf1 Kh7 30. h5 a6 31. Qf3 Kg8 32. Qe4 Kf8 33. f3 Ke7 34. Bg3 Kd7 35. Be5 f6 36. Bg3 Nb4 37. Qg6 Qe7 38. Qf5+ Kd8 39. Be1 Nd5 40. Ba5+ Ke8 41. Bd2 Kf8 42. Qe4 Kf7 43. Ke2 Qe6 44. Kf2 Ke7 45. Kg3 Kd7 46. f4 Qe7 47. Qf5+ Qe6 48. Qe4 Qe7 49. f5 Qd6+ 50. Kg2 Ne7 51. Bf4 Qd5 52. Kg3 Nc8 53. Be3 Nd6 54. Qxd5 cxd5 55. Bd2 Kc6 56. Kf4 Kb5 57. Kf3 a5 58. Bf4 Kc6 59. Ke2 Nb5 60. Ke3 a4 61. Bg3 Nc3 62. a3 Nb5 63. Bf4 Nxa3 64. g5 fxg5 65. Bxg5 Nb5 66. Kd2 Kd7 67. f6 gxf6 68. Bxh6 Ke6 69. Bf4 Kf7 70. h6 Kg6 71. Kc2 Nxd4+ 72. Kb2 Ne6 73. Bd2 f5 74. Ka3 b5 75. Kb4 f4 76. Kxb5 Kxh6 77. Kxa4 Kg5 78. Be1 Kf5 79. Kb4 f3 80. Kc3 Kf4 81. Kd2 Ng5 82. Bh4 Nh3 83. Ke1 f2+ 84. Kf1 Kf3 85. d4 Nf4 86. Bxf2 Nd3 87. Bh4 Nb4 88. Bf6 Nc2 89. Bh8 Ke3 90. Bg7 Nxd4 91. Ke1 Nb3 92. Kd1 d4 93. Bh6+ Kd3 94. Bg5 Kc3 95. Bh4 d3 96. Bf6+ Kc4 97. Bg7 d2 98. Bh6 Kd3 99. Bxd2 1/2-1/2

[Event "Titled Tuesday intern op 12th May"]
[Site "Chess.com INT"]
[Date "2020.05.12"]
[Round "10"]
[White "Shukh, Nikolai"]
[Black "Noritsyn, Nikolay"]
[Result "1-0"]
[WhiteElo "2467"]
[BlackElo "2512"]
[PlyCount "85"]
[EventDate "2020.05.12"]
[EventType "swiss (blitz)"]
[EventRounds "10"]
[EventCountry "USA"]
[SourceTitle "CBM 196 Extra"]
[Source "ChessBase"]
[SourceDate "2020.07.31"]
[SourceVersion "1"]
[SourceVersionDate "2020.07.31"]
[SourceQuality "1"]

1. e4 c5 2. Nf3 d6 3. d4 cxd4 4. Nxd4 Nf6 5. Nc3 a6 6. Bg5 e6 7. f4 Qc7 8. Qf3 b5 9. Bd3 Bb7 10. 0-0-0 Nbd7 11. Rhe1 Be7 12. Qg3 h6 13. Bxf6 gxf6 14. f5 e5 15. Nb3 Nb6 16. Na5 b4 17. Nb1 h5 18. Nxb7 Qxb7 19. Qg7 Rf8 20. Qh7 Rc8 21. Qxh5 Rg8 22. g3 Bf8 23. Nd2 Ke7 24. Qe2 Ra8 25. Nc4 Bh6+ 26. Kb1 Na4 27. Nxd6 Qb8 28. Bc4 Rd8 29. Nxf7 Nc3+ 30. bxc3 bxc3+ 31. Bb3 Qb4 32. Qc4 Qxc4 33. Bxc4 Rxd1+ 34. Rxd1 Bd2 35. Bb3 a5 36. a4 Rb8 37. Ka2 Rb4 38. h4 Rxe4 39. h5 Re2 40. Rh1 e4 41. h6 Bxh6 42. Nxh6 e3 43. Ng4 1-0

[Event "Titled Tuesday intern op 5th May"]
[Site "Chess.com INT"]
[Date "2020.05.05"]
[Round "3"]
[White "Garic, Radomir"]
[Black "Shukh, Nikolai"]
[Result "1-0"]
[WhiteElo "2244"]
[BlackElo "2467"]
[PlyCount "57"]
[EventDate "2020.05.05"]
[EventType "swiss (blitz)"]
[EventRounds "10"]
[EventCountry "USA"]
[SourceTitle "EXT 2021"]
[Source "ChessBase"]
[SourceDate "2020.10.23"]
[SourceVersion "1"]
[SourceVersionDate "2020.10.23"]
[SourceQuality "1"]

1. e4 e5 2. Nf3 Nc6 3. Nc3 Nf6 4. Bb5 Bd6 5. d3 h6 6. a3 0-0 7. g4 Nd4 8. g5 Nxf3+ 9. Qxf3 hxg5 10. Bxg5 Be7 11. Rg1 c6 12. Bc4 Kh8 13. 0-0-0 Nh7 14. Bd2 d6 15. Rg3 Be6 16. Rdg1 Rg8 17. Qh5 g6 18. Qh6 Bxc4 19. dxc4 Bf8 20. Qe3 f5 21. f4 exf4 22. Qxf4 Qf6 23. exf5 g5 24. Nd5 cxd5 25. Bc3 Qxc3 26. bxc3 Bg7 27. Rxg5 dxc4 28. Qh4 Bf6 29. Qxh7+ 1-0

[Event "Titled Tuesday intern op 7th April"]
[Site "Chess.com INT"]
[Date "2020.04.07"]
[Round "1"]
[White "Shukh, Nikolai"]
[Black "Toncheva, Nadya"]
[Result "1-0"]
[WhiteElo "2467"]
[BlackElo "2064"]
[PlyCount "35"]
[EventDate "2020.04.07"]
[EventType "swiss (blitz)"]
[EventRounds "10"]
[EventCountry "USA"]
[SourceTitle "EXT 2021"]
[Source "ChessBase"]
[SourceDate "2020.10.23"]
[SourceVersion "1"]
[SourceVersionDate "2020.10.23"]
[SourceQuality "1"]

1. d4 d5 2. c4 dxc4 3. Nf3 Nf6 4. a4 e6 5. e3 Bd6 6. Nbd2 0-0 7. Nxc4 a6 8. Bd3 Nc6 9. 0-0 Re8 10. b3 b6 11. Bb2 Bb7 12. Rc1 Nb4 13. Bb1 Bf8 14. Nfe5 c5 15. a5 bxa5 16. dxc5 Bxc5 17. Qxd8 Rexd8 18. Nxa5 1-0

[Event "Titled Tuesday intern op1 4th Febr"]
[Site "Chess.com INT"]
[Date "2020.02.04"]
[Round "2"]
[White "Maksimovic, Bojan"]
[Black "Shukh, Nikolai"]
[Result "1-0"]
[WhiteElo "2419"]
[BlackElo "2467"]
[PlyCount "89"]
[EventDate "2020.02.04"]
[EventType "swiss (blitz)"]
[EventRounds "10"]
[EventCountry "USA"]
[SourceTitle "EXT 2021"]
[Source "ChessBase"]
[SourceDate "2020.10.23"]
[SourceVersion "1"]
[SourceVersionDate "2020.10.23"]
[SourceQuality "1"]

1. e4 e5 2. Nf3 Nc6 3. Bb5 a6 4. Ba4 Nf6 5. 0-0 Nxe4 6. d4 b5 7. Bb3 d5 8. dxe5 Be6 9. Nbd2 Nc5 10. c3 Be7 11. Bc2 Bg4 12. h3 Bh5 13. Re1 0-0 14. Nf1 b4 15. Ng3 Bg6 16. Nf5 bxc3 17. bxc3 Bxf5 18. Bxf5 g6 19. Bc2 Re8 20. Be3 Ne6 21. Nd4 Ncxd4 22. cxd4 c5 23. Ba4 Rf8 24. dxc5 Qa5 25. Bb3 Rfd8 26. Qf3 d4 27. Bxe6 fxe6 28. Bxd4 Bxc5 29. Bxc5 Qxc5 30. Qf6 Rf8 31. Qxe6+ Kg7 32. Rf1 Rae8 33. Qxa6 Rxe5 34. Rac1 Qd4 35. Qc4 Qxc4 36. Rxc4 Re2 37. Rc7+ Kh6 38. Ra7 Rb8 39. Rd1 Rbb2 40. Rf7 Rxa2 41. Rdd7 Kg5 42. Rd5+ Kh6 43. Rdd7 Kg5 44. g3 h5 45. f4+ 1-0

[Event "Titled Tuesday intern op1 4th Febr"]
[Site "Chess.com INT"]
[Date "2020.02.04"]
[Round "6"]
[White "Shukh, Nikolai"]
[Black "Bogner, Sebastian"]
[Result "1-0"]
[WhiteElo "2467"]
[BlackElo "2568"]
[PlyCount "101"]
[EventDate "2020.02.04"]
[EventType "swiss (blitz)"]
[EventRounds "10"]
[EventCountry "USA"]
[SourceTitle "EXT 2021"]
[Source "ChessBase"]
[SourceDate "2020.10.23"]
[SourceVersion "1"]
[SourceVersionDate "2020.10.23"]
[SourceQuality "1"]

1. e4 c6 2. d4 d5 3. Nd2 dxe4 4. Nxe4 Nf6 5. Nxf6+ exf6 6. h4 Bd6 7. Be3 0-0 8. h5 Re8 9. Qd2 Nd7 10. 0-0-0 Nf8 11. h6 g6 12. Bc4 b5 13. Bd3 Be6 14. Kb1 Bd5 15. Nf3 a5 16. Bf4 Ne6 17. Bxd6 Qxd6 18. c3 b4 19. Rhe1 bxc3 20. Qxc3 Qf4 21. Qc1 Bxf3 22. Qxf4 Nxf4 23. Rxe8+ Rxe8 24. gxf3 f5 25. Bc4 Kf8 26. Kc2 Rd8 27. Kc3 Ke7 28. Re1+ Kf6 29. Re5 Ra8 30. Rc5 Kg5 31. Rxc6 Kxh6 32. d5 Kg7 33. d6 Rd8 34. Kd4 Kf6 35. Kc5 h5 36. Rc7 Ne6+ 37. Bxe6 Kxe6 38. Re7+ Kf6 39. Kc6 h4 40. Kc7 Ra8 41. Re1 Ra7+ 42. Kb6 Rd7 43. Kc6 Rd8 44. Kc7 Ra8 45. d7 Ra7+ 46. Kc6 Ra8 47. Re8 Ra6+ 48. Kb5 Rd6 49. d8Q+ Rxd8 50. Rxd8 Kg5 51. Rh8 1-0

[Event "Titled Tuesday intern op1 4th Febr"]
[Site "Chess.com INT"]
[Date "2020.02.04"]
[Round "7"]
[White "Shukh, Nikolai"]
[Black "Yuan, Qingyu"]
[Result "1-0"]
[WhiteElo "2467"]
[BlackElo "2373"]
[PlyCount "89"]
[EventDate "2020.02.04"]
[EventType "swiss (blitz)"]
[EventRounds "10"]
[EventCountry "USA"]
[SourceTitle "EXT 2021"]
[Source "ChessBase"]
[SourceDate "2020.10.23"]
[SourceVersion "1"]
[SourceVersionDate "2020.10.23"]
[SourceQuality "1"]

1. e4 c5 2. Nf3 Nc6 3. Bb5 g6 4. 0-0 Bg7 5. Re1 Nf6 6. Bxc6 dxc6 7. e5 Nd5 8. d3 h6 9. a4 a5 10. Nbd2 Be6 11. Ne4 b6 12. h3 Qc7 13. Qe2 g5 14. Ng3 0-0-0 15. Nh5 Rhg8 16. Nxg7 Rxg7 17. Nh2 Nf4 18. Bxf4 gxf4 19. Kh1 Rdg8 20. Rg1 Bd5 21. f3 Rg5 22. Rae1 h5 23. b3 Qd7 24. Qf2 Qf5 25. Nf1 Kc7 26. Nd2 Qe6 27. c4 Rxg2 28. Rxg2 Qxh3+ 29. Kg1 Rxg2+ 30. Qxg2 Qh4 31. Qf2 Qg5+ 32. Kh2 Be6 33. Ne4 Qxe5 34. Qh4 Qb2+ 35. Kg1 Qd4+ 36. Kh1 Kd7 37. Qxh5 Qxd3 38. Rg1 Qxb3 39. Ng5 Bxc4 40. Qg4+ e6 41. Qxf4 f5 42. Nf7 Bd5 43. Qd6+ Ke8 44. Rg8+ Kxf7 45. Qf8# 1-0

[Event "Skolkovo Russian Rapid GP"]
[Site "Skolkovo"]
[Date "2019.09.21"]
[Round "3"]
[White "Riazantsev, Alexander"]
[Black "Shukh, Nikolai"]
[Result "1-0"]
[WhiteElo "2645"]
[BlackElo "2467"]
[PlyCount "95"]
[EventDate "2019.09.21"]
[EventType "swiss (rapid)"]
[EventRounds "11"]
[EventCountry "RUS"]
[SourceTitle "EXT 2020"]
[Source "ChessBase"]
[SourceDate "2019.10.17"]
[SourceVersion "1"]
[SourceVersionDate "2019.10.17"]
[SourceQuality "1"]

1. d4 Nf6 2. c4 e6 3. Nf3 c5 4. d5 exd5 5. cxd5 d6 6. Nc3 g6 7. Bf4 a6 8. a4 Bg7 9. h3 0-0 10. e3 Qe7 11. Nd2 Nbd7 12. Be2 Rb8 13. 0-0 Ne5 14. Re1 Ne8 15. Bh2 f5 16. a5 g5 17. f4 Ng6 18. Nc4 g4 19. hxg4 fxg4 20. Bxg4 Qh4 21. Bxc8 Rxc8 22. Ne4 Qe7 23. Ng5 Kh8 24. Ne6 Rg8 25. e4 Nh4 26. Ra3 Nc7 27. Nxg7 Rxg7 28. Rg3 Rcg8 29. Ree3 Nb5 30. Rxg7 Rxg7 31. Bg3 Qf6 32. Qh5 Ng6 33. e5 Qf7 34. exd6 Nd4 35. Ne5 Nxe5 36. Qxe5 Nf5 37. Rf3 Kg8 38. Bf2 Qg6 39. Qe6+ Kf8 40. Qxg6 Rxg6 41. Bxc5 Ke8 42. Rh3 h6 43. Rh5 Nxd6 44. Bxd6 Rxd6 45. Kf2 b6 46. b4 bxa5 47. bxa5 Kf7 48. Ke3 1-0

[Event "Titled Tuesday intern op 2nd Febr"]
[Site "Chess.com INT"]
[Date "2019.02.05"]
[Round "6"]
[White "Bayramov, Zaur"]
[Black "Shukh, Nikolai"]
[Result "0-1"]
[WhiteElo "2301"]
[BlackElo "2459"]
[PlyCount "100"]
[EventDate "2019.02.05"]
[EventType "swiss (blitz)"]
[EventRounds "10"]
[EventCountry "USA"]
[SourceTitle "EXT 2021"]
[Source "ChessBase"]
[SourceDate "2020.10.23"]
[SourceVersion "1"]
[SourceVersionDate "2020.10.23"]
[SourceQuality "1"]

1. e4 e5 2. Nc3 Nc6 3. g3 Nf6 4. Bg2 Bc5 5. d3 0-0 6. Nge2 Nd4 7. 0-0 c6 8. h3 d5 9. exd5 cxd5 10. Nxd4 Bxd4 11. Ne2 Bb6 12. c3 Be6 13. d4 e4 14. Be3 Qd7 15. Nf4 Bf5 16. g4 Be6 17. Nxe6 Qxe6 18. Qd2 Bc7 19. Bf4 Rac8 20. Bxc7 Rxc7 21. Rae1 b5 22. a3 a5 23. f3 Rfc8 24. fxe4 Nxe4 25. Bxe4 dxe4 26. Qf4 Re7 27. Re3 Rce8 28. Rfe1 h6 29. Kg2 Qc6 30. R1e2 Qd5 31. Rf2 b4 32. axb4 axb4 33. Qf5 Qc4 34. h4 bxc3 35. bxc3 Ra8 36. g5 h5 37. Rb2 g6 38. Qb5 Qc8 39. Qe2 Qf5 40. Rb5 Qf4 41. Qf2 Qg4+ 42. Kh2 Ra1 43. d5 Rd1 44. c4 Rd3 45. Rb3 Rd1 46. Rb6 Ra7 47. d6 Ra2 48. Qxa2 Qg1+ 49. Kh3 Qxe3+ 50. Kg2 Qxb6 0-1

[Event "Titled Tuesday intern op 2nd Febr"]
[Site "Chess.com INT"]
[Date "2019.02.05"]
[Round "4"]
[White "Shukh, Nikolai"]
[Black "Ongut, Tamas Gunes"]
[Result "0-1"]
[WhiteElo "2459"]
[BlackElo "2214"]
[PlyCount "138"]
[EventDate "2019.02.05"]
[EventType "swiss (blitz)"]
[EventRounds "10"]
[EventCountry "USA"]
[SourceTitle "EXT 2021"]
[Source "ChessBase"]
[SourceDate "2020.10.23"]
[SourceVersion "1"]
[SourceVersionDate "2020.10.23"]
[SourceQuality "1"]

1. e4 e5 2. Nf3 Nc6 3. Bb5 a6 4. Ba4 Nf6 5. 0-0 Be7 6. Re1 b5 7. Bb3 0-0 8. a3 d6 9. c3 Na5 10. Ba2 c5 11. d3 h6 12. b4 Nc6 13. Bb2 Be6 14. Bxe6 fxe6 15. d4 exd4 16. cxd4 cxd4 17. Nxd4 Qd7 18. Nc3 Ne5 19. Qe2 Nc4 20. Rad1 e5 21. Nf5 Qe6 22. Bc1 Kh7 23. f3 Rac8 24. Qd3 Rfd8 25. Nd5 Bf8 26. h3 Nxd5 27. exd5 Qg6 28. f4 Rd7 29. Rf1 Rf7 30. g4 h5 31. Ne3 Qxd3 32. Rxd3 exf4 33. Nxc4 bxc4 34. Rd4 hxg4 35. Rfxf4 Rxf4 36. Rxf4 gxh3 37. Rh4+ Kg6 38. Rxh3 Be7 39. Kf2 Bf6 40. Ke2 Kf5 41. Re3 Be5 42. Rf3+ Ke4 43. Rf7 Kxd5 44. Ra7 Rc6 45. a4 Rb6 46. Ba3 Bc3 47. a5 Rc6 48. Rb7 Be5 49. b5 axb5 50. Rxb5+ Ke4 51. Bb4 c3 52. Ba3 c2 53. Rb4+ Kf5 54. Bc1 g5 55. Ra4 Bf4 56. Bb2 c1Q 57. Bxc1 Bxc1 58. a6 Rc8 59. a7 Ra8 60. Kd3 Bf4 61. Kd4 g4 62. Ra5+ Be5+ 63. Kd5 g3 64. Ra2 Kf4 65. Kc6 Kf3 66. Ra3+ Kf2 67. Ra2+ Kf1 68. Kb7 Rxa7+ 69. Kxa7 g2 0-1

[Event "Moscow op-A 15th"]
[Site "Moscow"]
[Date "2019.01.29"]
[Round "4"]
[White "Shukh, Nikolai"]
[Black "Timofeev, Artyom"]
[Result "0-1"]
[WhiteElo "2459"]
[BlackElo "2592"]
[PlyCount "78"]
[EventDate "2019.01.26"]
[EventType "swiss"]
[EventRounds "9"]
[EventCountry "RUS"]
[SourceTitle "CBM 188 Extra"]
[Source "ChessBase"]
[SourceDate "2019.02.28"]
[SourceVersion "1"]
[SourceVersionDate "2019.02.28"]
[SourceQuality "1"]

1. e4 c5 2. Nf3 d6 3. Bc4 Nf6 4. e5 dxe5 5. Nxe5 e6 6. Qe2 Bd6 7. 0-0 Qc7 8. f4 0-0 9. b3 Nd5 10. Bxd5 exd5 11. Nc3 Qd8 12. Bb2 Nc6 13. Rae1 Nd4 14. Qd1 Bc7 15. Na4 Bd6 16. Nc3 Bf5 17. d3 Bc7 18. Qh5 Ba5 19. g4 Bg6 20. Qh3 Nxc2 21. Rc1 Nd4 22. Qg2 Re8 23. Nxd5 Rxe5 24. fxe5 Bxd3 25. Rf2 Ne2+ 26. Rxe2 Bxe2 27. e6 fxe6 28. Nf4 Ba6 29. Qe4 Qd6 30. Qxe6+ Qxe6 31. Nxe6 Re8 32. Nxg7 Re2 33. Bf6 Bd2 34. Rd1 Be3+ 35. Kh1 Bb5 36. Rd6 Bc6+ 37. Rxc6 bxc6 38. Nf5 Kf7 39. Be5 Bf2 0-1

[Event "Moscow op-A 15th"]
[Site "Moscow"]
[Date "2019.01.28"]
[Round "3"]
[White "Sjugirov, Sanan"]
[Black "Shukh, Nikolai"]
[Result "1/2-1/2"]
[WhiteElo "2663"]
[BlackElo "2459"]
[PlyCount "93"]
[EventDate "2019.01.26"]
[EventType "swiss"]
[EventRounds "9"]
[EventCountry "RUS"]
[SourceTitle "CBM 188 Extra"]
[Source "ChessBase"]
[SourceDate "2019.02.28"]
[SourceVersion "1"]
[SourceVersionDate "2019.02.28"]
[SourceQuality "1"]

1. d4 Nf6 2. c4 g6 3. Nc3 d5 4. cxd5 Nxd5 5. e4 Nxc3 6. bxc3 c5 7. Be3 Bg7 8. Nf3 0-0 9. Be2 Qc7 10. Rc1 b6 11. 0-0 Rd8 12. Qb3 Nd7 13. Rfd1 e6 14. Bg5 Re8 15. Bh4 Bb7 16. Bg3 Qc8 17. Nd2 Nf6 18. Bf3 Bh6 19. Qb1 cxd4 20. cxd4 Qd8 21. Rc7 Re7 22. Rxe7 Qxe7 23. Nc4 Nh5 24. Be5 Rd8 25. h3 Nf4 26. Qb3 f6 27. Bxf4 Bxf4 28. d5 Kg7 29. g3 Bb8 30. h4 h5 31. a4 exd5 32. exd5 Qc5 33. Ne3 Be5 34. Qd3 Qc3 35. Qe2 Bc8 36. Kg2 Qb4 37. Qc4 Qxc4 38. Nxc4 Bd7 39. Nxe5 fxe5 40. a5 bxa5 41. Rb1 Bf5 42. Rb5 e4 43. Be2 Rc8 44. Rxa5 Rc2 45. Kf1 Rc1+ 46. Kg2 Rc2 47. Kf1 1/2-1/2

[Event "Moscow op-A 14th"]
[Site "Moscow"]
[Date "2018.01.31"]
[Round "5"]
[White "Mozharov, Mikhail"]
[Black "Shukh, Nikolai"]
[Result "1/2-1/2"]
[WhiteElo "2539"]
[BlackElo "2435"]
[PlyCount "80"]
[EventDate "2018.01.27"]
[EventType "swiss"]
[EventRounds "9"]
[EventCountry "RUS"]
[SourceTitle "CBM 182 Extra"]
[Source "ChessBase"]
[SourceDate "2018.02.23"]
[SourceVersion "1"]
[SourceVersionDate "2018.02.23"]
[SourceQuality "1"]

1. e4 e5 2. Nf3 Nc6 3. Bb5 a6 4. Ba4 Nf6 5. 0-0 Nxe4 6. d4 b5 7. Bb3 d5 8. dxe5 Be6 9. Nbd2 Nc5 10. c3 Be7 11. Bc2 Bg4 12. h3 Bh5 13. Re1 0-0 14. b4 Ne6 15. a4 Qd7 16. axb5 axb5 17. Rxa8 Rxa8 18. Bd3 d4 19. Nb3 Rb8 20. Be4 Bg6 21. Bxg6 hxg6 22. Nfxd4 Ncxd4 23. Nxd4 Nxd4 24. Be3 Rd8 25. Bxd4 Bxb4 26. e6 fxe6 27. Qb1 Bf8 28. Qxg6 c5 29. Be5 Qf7 30. Qe4 Qf5 31. Qc6 Rd2 32. Bg3 Bd6 33. Bxd6 Qxf2+ 34. Kh2 Qxe1 35. Qe8+ Kh7 36. Qh5+ Kg8 37. Qe8+ Kh7 38. Qh5+ Kg8 39. Qe8+ Kh7 40. Qh5+ Kg8 1/2-1/2

[Event "PriFO op active"]
[Site "Togliatti"]
[Date "2014.03.23"]
[Round "4"]
[White "Korchmar, Vasiliy"]
[Black "Shukh, Nikolai"]
[Result "0-1"]
[WhiteElo "2314"]
[BlackElo "2421"]
[PlyCount "96"]
[EventDate "2014.03.23"]
[EventType "swiss"]
[EventRounds "7"]
[EventCountry "RUS"]
[SourceTitle "EXT 2016"]
[Source "ChessBase"]
[SourceDate "2015.10.08"]
[SourceVersion "1"]
[SourceVersionDate "2015.10.08"]
[SourceQuality "1"]

1. d4 Nf6 2. c4 c5 3. d5 e6 4. Nc3 exd5 5. cxd5 d6 6. Nf3 g6 7. Bf4 a6 8. a4 Bg7 9. e3 0-0 10. h3 Qe7 11. Nd2 Nh5 12. Bh2 Nd7 13. Be2 Nhf6 14. Nc4 Ne8 15. 0-0 Rb8 16. a5 Ne5 17. Nb6 Nc7 18. Nxc8 Rfxc8 19. Na4 f5 20. Rb1 Qf7 21. Nb6 Re8 22. b4 Rbd8 23. Qd2 Kh8 24. Rfc1 c4 25. Bxc4 Nxc4 26. Rxc4 Nb5 27. Rbc1 h6 28. Bg3 Kh7 29. Rc8 Rxc8 30. Nxc8 Rd8 31. Nb6 Qf6 32. Rc4 g5 33. h4 Nc3 34. Bh2 Re8 35. Rc7 f4 36. Nc4 Ne4 37. Qd1 Kg8 38. Qf1 Rf8 39. f3 fxe3 40. Nxe3 Qd4 41. Qe1 Nc3 42. Kh1 Re8 43. Bg1 Nxd5 44. Rc8 Rxc8 45. Ng4 Qc4 46. Qe6+ Kh8 47. Qxd6 Nf4 48. Ne5 Qe6 0-1

[Event "Volga Region-ch 12th"]
[Site "Togliatti"]
[Date "2014.03.18"]
[Round "5"]
[White "Smirnov, Alexey1"]
[Black "Shukh, Nikolai"]
[Result "0-1"]
[WhiteElo "2412"]
[BlackElo "2425"]
[PlyCount "118"]
[EventDate "2014.03.14"]
[EventType "swiss"]
[EventRounds "9"]
[EventCountry "RUS"]
[SourceTitle "CBM 159 Extra"]
[Source "ChessBase"]
[SourceDate "2014.04.24"]
[SourceVersion "1"]
[SourceVersionDate "2014.04.24"]
[SourceQuality "1"]

1. d4 Nf6 2. c4 c5 3. d5 e6 4. Nc3 exd5 5. cxd5 d6 6. e4 g6 7. Nf3 Bg7 8. Nd2 a6 9. a4 0-0 10. Be2 Nbd7 11. 0-0 Re8 12. Re1 Rb8 13. a5 h5 14. h3 Nh7 15. Nc4 Ne5 16. Nb6 Qh4 17. Nxc8 Rbxc8 18. Ra4 g5 19. Bxh5 Nf6 20. Be2 g4 21. Bf4 gxh3 22. g3 Qh7 23. Kh2 Kh8 24. Bxe5 Rxe5 25. f4 Re7 26. Bf3 Rce8 27. e5 Qf5 28. g4 Qh7 29. g5 Nd7 30. Re3 Nxe5 31. fxe5 Bxe5+ 32. Kh1 Bxc3 33. Rxe7 Rxe7 34. bxc3 Qf5 35. Rh4+ Kg8 36. Kh2 Re3 37. Rxh3 Rxc3 38. Qe1 Qf4+ 39. Kh1 Rc1 40. Bd1 Qe5 41. Qd2 Qa1 42. Rd3 c4 43. g6 cxd3 44. gxf7+ Kxf7 45. Qf4+ Ke7 46. Qg5+ Kd7 47. Kg2 Rxd1 48. Qf5+ Ke7 49. Qe6+ Kf8 50. Qxd6+ Kg7 51. Qe7+ Kg6 52. Qe4+ Kg5 53. Qe3+ Kf5 54. Qe6+ Kf4 55. Qf7+ Ke4 56. Qe7+ Kxd5 57. Qxb7+ Kd4 58. Qb6+ Kc3 59. Qc5+ Kb3 0-1

[Event "Volga Region-ch 12th"]
[Site "Togliatti"]
[Date "2014.03.17"]
[Round "4"]
[White "Shukh, Nikolai"]
[Black "Palachev, Petr"]
[Result "1-0"]
[WhiteElo "2425"]
[BlackElo "2344"]
[PlyCount "107"]
[EventDate "2014.03.14"]
[EventType "swiss"]
[EventRounds "9"]
[EventCountry "RUS"]
[SourceTitle "CBM 159 Extra"]
[Source "ChessBase"]
[SourceDate "2014.04.24"]
[SourceVersion "1"]
[SourceVersionDate "2014.04.24"]
[SourceQuality "1"]

1. e4 c5 2. Nf3 e6 3. d4 cxd4 4. Nxd4 a6 5. Nc3 Qc7 6. Be2 Nc6 7. 0-0 Bd6 8. Ndb5 Bxh2+ 9. Kh1 axb5 10. Nxb5 Qb8 11. g3 Nf6 12. Kxh2 Nxe4 13. Bf3 d5 14. Bf4 e5 15. Qxd5 exf4 16. Qxe4+ Be6 17. Qxf4 Qxf4 18. gxf4 0-0 19. b3 Nb4 20. c4 Rxa2 21. Rxa2 Nxa2 22. Bxb7 Rd8 23. Ra1 Nb4 24. Ra8 Rxa8 25. Bxa8 Nd3 26. Kg3 Nc5 27. Nd4 Nxb3 28. Nxb3 Bxc4 29. Nd2 Be6 30. Be4 f5 31. Bd3 Kf8 32. Nf3 g6 33. Ng5 Bg8 34. Kf3 h6 35. Nh3 Ke7 36. Ke3 Kf6 37. Ng1 Bd5 38. Kd4 Bb7 39. Bc4 g5 40. Bd5 Ba6 41. Nf3 Bb5 42. Bc4 Bc6 43. Ne5 Be8 44. Kd5 Ba4 45. Kd6 gxf4 46. Nd3 Kg5 47. Ke5 Kg4 48. Bd5 f3 49. Be6 Kh3 50. Bxf5+ Kg2 51. Kf4 h5 52. Ke3 h4 53. Ne1+ Kh1 54. Nxf3 1-0